Score 0/16 Timer 02:00
2 Plays Today
Hint Missing Word % Correct
Billy the _____Kid
98.1%
'Buffalo _____' CodyBill
95.4%
_____ CassidyButch
93.3%
Jesse _____James
90.8%
Calamity _____Jane
81.8%
'_____ Bill' Hickok Wild
76.9%
Wyatt _____Earp
76.3%
_____ OakleyAnnie
75.1%
Hint Missing Word % Correct
_____ HollidayDoc
59.9%
Kit _____ Carson
42.9%
Bat _____Masterson
34.6%
The _____ Kid Sundance
33.7%
_____ Wesley HardinJohn
26.8%
_____ Nose KateBig
26.7%
_____ GarrettPat
23.3%
Belle _____Starr
14.2%

Today's Daily Dose

Remove Ads.
Support Sporcle.
Get the best of Sporcle when you Go Orange. This ad-free experience offers more features, more stats, and more fun while also helping to support Sporcle. Thank you for becoming a member.

You're not logged in!

Compare scores with friends on all Sporcle quizzes.
OR
Log In

Show Comments

Extras

Top Quizzes Today


Score Distribution

Your Account Isn't Verified!

In order to create a playlist on Sporcle, you need to verify the email address you used during registration. Go to your Sporcle Settings to finish the process.

Report this User

Report this user for behavior that violates our Community Guidelines.

Details: